| 000 | 00423nam a2200181Ia 4500 | ||
|---|---|---|---|
| 001 | 20839 | ||
| 005 | 20260306172835.0 | ||
| 008 | 260306t2019||||xx |||||||||||||| ||spa|| | ||
| 041 | _aESP | ||
| 082 |
_a343.8 _bF62A |
||
| 100 |
_aFlores Gallegos, Jorge _eAUT |
||
| 245 | 0 | _aManual tributario 2019 | |
| 260 | _c2019 | ||
| 300 |
_a526 páginas : _c25 cm. |
||
| 650 | _aGEN | ||
| 654 | _aCCO | ||
| 942 |
_cLIB _dJUS _fJUS _2ddc _n |
||
| 999 |
_c20839 _d20839 |
||